[Event "Sunnyvale LERA-ch 35th"]
[Site "Sunnyvale"]
[Date "2002.03.10"]
[Round "4"]
[White "Van Gaasbeck, Rick"]
[Black "Chang, Corey"]
[Result "0-1"]
[WhiteElo "1275"]
[BlackElo "1407"]
[PlyCount "144"]
[EventDate "2002.03.09"]
[EventType "swiss"]
[EventRounds "4"]
[EventCountry "USA"]
[SourceTitle "EXT 2007"]
[Source "ChessBase"]
[SourceDate "2006.11.23"]
[SourceVersion "1"]
[SourceVersionDate "2006.11.23"]
[SourceQuality "1"]

1. e4 e5 2. Nf3 d5 3. exd5 Bd6 4. Nc3 Nf6 5. d3 0-0 6. Be2 Re8 7. 0-0 Bf5 8. Ng5 Bb4 9. Nge4 Nxe4 10. dxe4 Bxc3 11. exf5 Bb4 12. Be3 Bd6 13. Qd3 e4 14. Qb3 b6 15. Bb5 Re5 16. f6 Rh5 17. g3 Qxf6 18. Be2 Rf5 19. Bg4 Rf3 20. Bxf3 exf3 21. Qa4 Qf5 22. Qh4 Nd7 23. Rfd1 Ne5 24. Bf4 Ng6 25. g4 Qxf4 26. Qh3 Qh6 27. Qxh6 gxh6 28. Rd3 Ne5 29. Re3 Nxg4 30. Rxf3 Nxh2 31. Re3 Ng4 32. Re2 Kh8 33. Rd1 Rg8 34. Kh1 Bc5 35. Rf1 Rg5 36. f4 Rh5+ 37. Kg2 Ne3+ 38. Rxe3 Bxe3 39. Kf3 Bc5 40. Rd1 Rh2 41. Rc1 Rf2+ 42. Ke4 h5 43. c4 Bd6 44. f5 Rf4+ 45. Kd3 h4 46. Rh1 Rxf5 47. Rxh4 Bc5 48. Ke4 Rg5 49. Rf4 f5+ 50. Rxf5 Rxf5 51. Kxf5 Kg7 52. Kg5 h5 53. Kxh5 Kf6 54. Kg4 Ke5 55. Kf3 Kd4 56. Ke2 Kxc4 57. Kd2 Kxd5 58. Kc3 b5 59. b3 a5 60. a3 Bxa3 61. Kc2 c5 62. Kd3 c4+ 63. Kc3 b4+ 64. Kc2 cxb3+ 65. Kxb3 Kd4 66. Kc2 Kc4 67. Kb1 b3 68. Ka1 b2+ 69. Kb1 Kc3 70. Ka2 Kc2 71. Kxa3 b1Q 72. Ka4 Qb4# 0-1